|
|
|
|
| LEADER |
00666nab a2200193 i 4500 |
| 001 |
publ23389 |
| 005 |
20220201132011.0 |
| 008 |
220201s2020 hu o 0|| Magyar d |
| 022 |
|
|
|a 0237-7284
|
| 024 |
7 |
|
|a 32546573
|2 mtmt
|
| 040 |
|
|
|a SZTE Publicatio Repozitórium
|b hun
|
| 041 |
|
|
|a Magyar
|
| 100 |
1 |
|
|a Antal Tamás
|
| 245 |
1 |
2 |
|a A magyar igazságügyi jogalkotás felkészülése a második világháborúra (1938-1941)
|h [elektronikus dokumentum] /
|c Antal Tamás
|
| 260 |
|
|
|c 2020
|
| 300 |
|
|
|a 1-10
|
| 490 |
0 |
|
|a JOGTÖRTÉNETI SZEMLE
|
| 650 |
|
4 |
|a Jogtudomány
|
| 856 |
4 |
0 |
|u http://publicatio.bibl.u-szeged.hu/23389/1/Jogtorteneti_Szemle_2020_04.pdf
|z Dokumentum-elérés
|